| 000 | 00499 a2200193 4500 | ||
|---|---|---|---|
| 005 | 20260128103507.0 | ||
| 008 | 260127b |||||||| |||| 00| 0 eng d | ||
| 020 |
_a9788119255399 _cRs. 1500.00 |
||
| 040 | _aMAIN | ||
| 082 |
_a930.1 _bT155I |
||
| 100 | _aTandle, Sanjeevkumar T | ||
| 245 | _aIntroduction to archaeology | ||
| 260 |
_bCurrent Publications _c2023 _aAgra |
||
| 300 | _a264 | ||
| 650 | _aHistory | ||
| 650 | _aArchaeology | ||
| 650 | _aHistory-Ancient World | ||
| 942 | _cBK | ||
| 999 |
_c394620 _d394620 |
||